Vplyv pH roztoku na oxidačné a redukčné vlastnosti biologicky aktívnych komplexov
Guardado en:
| Autor principal: | |
|---|---|
| Otros Autores: | |
| Formato: | Manuscrito Libro |
| Lenguaje: | eslovaco |
| Publicado: |
2023
|
| Materias: | |
| Acceso en línea: | http://is.stuba.sk/zp/portal_zp.pl?podrobnosti=164567 |
| Etiquetas: |
Sin Etiquetas, Sea el primero en etiquetar este registro!
|
MARC
| LEADER | 00000ntm a22000003a 4500 | ||
|---|---|---|---|
| 001 | stuzp94215 | ||
| 003 | SK-STU | ||
| 005 | 20230909221409.9 | ||
| 007 | ta | ||
| 008 | 150427s2015----xo-----f-mn---000-0-slo-d | ||
| 040 | |a STU |b slo | ||
| 041 | 0 | |a slo | |
| 100 | 1 | |a Turčan, Oleg |u 045210 |4 aut |U FCHPT Ústav fyzikálnej chémie a chemickej fyziky |T FCHPT Oddelenie fyzikálnej chémie |X 112023 |U C5210 |Y 117 |7 112023 | |
| 242 | 0 | 1 | |a Effect of solution pH on oxidation and reduction properties of biologically active complexes |y eng |
| 245 | 1 | 0 | |a Vplyv pH roztoku na oxidačné a redukčné vlastnosti biologicky aktívnych komplexov |
| 260 | |c 2023 | ||
| 650 | 4 | |a meďnaté a zinočnaté komplexy |2 slo | |
| 650 | 4 | |a pKa |2 slo | |
| 650 | 4 | |a jednoelektrónová redukcia |2 slo | |
| 650 | 4 | |a indolochinolíny |2 slo | |
| 650 | 4 | |a vplyv pH |2 slo | |
| 650 | 4 | |a UV-vis spektroskopia |2 slo | |
| 650 | 4 | |a indoloquinolines |2 eng | |
| 650 | 4 | |a copper and zinc complexes |2 eng | |
| 650 | 4 | |a one-electron reduction |2 eng | |
| 650 | 4 | |a pKa |2 eng | |
| 650 | 4 | |a effect of pH |2 eng | |
| 650 | 4 | |a UV-vis spectroscopy |2 eng | |
| 700 | 1 | |a Rapta, Peter |u 045000 |k Z1 |4 ths |U FCHPT Fakulta chemickej a potravinárskej technológie |T FCHPT Ústav fyzikálnej chémie a chemickej fyziky |X 3878 |U C5000 |Y 103 |7 A000003878 | |
| 856 | 4 | |u http://is.stuba.sk/zp/portal_zp.pl?podrobnosti=164567 | |